000 00835nam a2200241 a 4500
999 _c2547
_d2547
008 200609s2019 ii a|||| m|||a00| 0 eng d
040 _aKO
_beng
041 0 _aeng
044 _aii
082 0 4 _223
_a378.242
_bIRM1847
100 1 _aSingh, Varisth Partap
_eResearcher
245 1 0 _aDry Bulk Commodities (Role and Significance in Emerging Economies) Noida /
_cVaristh Partap Singh ; Guide Dr. Jayan P. A.
260 _aKochi :
_bIndian Maritime University,
_c2019
300 _a40p. :
_bill. ;
_c29 cm.
490 0 _aMBA Internship 2018-2020 ;
_v1805304017
502 _aInternship (MBA)–Indian Maritime University. School of Maritime Management, 2019.
650 0 _aBulk solids flow
655 7 _2lcsh
_aDissertations, Academic
_y2019
700 1 _aP. A., Jayan
_cDr.
_eGuide
904 _aReshma_R
942 _cTH